Language across disciplines: towards a critical reading of contemporary academic discourse
Saved in:
| Hovedforfatter: | |
|---|---|
| Format: | Bog |
| Sprog: | engelsk |
| Udgivet: |
Boca Ratón
Brown Walker
2006
|
| Fag: | |
| Tags: |
Tilføj Tag
Ingen Tags, Vær først til at tagge denne postø!
|
MARC
| LEADER | 00000nam a2200000 a 4500 | ||
|---|---|---|---|
| 001 | UCJ0402 | ||
| 003 | CL-VaPUC | ||
| 008 | 060804e20060000US |||||||||||||||||eng|d | ||
| 020 | |a 1599424029 | ||
| 082 | 0 | 4 | |a 808.042 |b SIL |2 21 |
| 100 | 0 | |a Silver, Marc S |e author |9 500585 | |
| 245 | 1 | 0 | |a Language across disciplines: towards a critical reading of contemporary academic discourse |
| 300 | |a 178 p | ||
| 942 | |c BK | ||
| 945 | |d 20060804 00:00:00 |a cmena | ||
| 260 | |a Boca Ratón |b Brown Walker |c 2006 | ||
| 650 | 0 | |a Discursos |9 265028 | |
| 650 | 0 | |a Lengua inglesa |9 318842 | |
| 650 | 0 | |a Análisis del discurso |9 256696 | |
| 650 | 7 | |a RETORICA DEL INGLES |2 CL-VaPUC |9 485974 | |
| 583 | |a last modification |c 20130305 04:43:02 |k Rodrigo Vera | ||
| 999 | |c 317258 |d 317256 | ||
| 952 | |0 0 |1 0 |4 0 |6 808_042000000000000_SIL_2006 |7 0 |8 A |9 393311 |a FDOPOS |b FDOPOS |d 2019-11-22 |i 4259149 |o 808.042 SIL 2006 |p 4259149 |r 2025-01-22 |w 2019-11-22 |y BK |k MLA | ||
| 952 | |0 0 |1 0 |4 0 |6 808_042000000000000_SIL_2006 |7 0 |8 A |9 393312 |a FDOPOS |b FDOPOS |d 2019-11-22 |i 4264800 |o 808.042 SIL 2006 |p 4264800 |r 2025-01-22 |w 2019-11-22 |y BK |k MLA | ||
| 952 | |0 0 |1 0 |4 0 |6 808_042000000000000_SIL_2006 |7 0 |8 A |9 393313 |a BIBEDU |b BIBEDU |d 2019-11-22 |i 457091K |o 808.042 SIL 2006 |p 457091K |r 2019-11-22 |w 2019-11-22 |y BK |k LIT | ||
| 952 | |0 0 |1 0 |4 0 |6 808_042000000000000_SIL_2006 |7 0 |8 A |9 393314 |a FDOPOS |b FDOPOS |d 2019-11-22 |i 469161K |o 808.042 SIL 2006 |p 469161K |r 2025-01-22 |w 2019-11-22 |y BK |k DLA | ||